Statistics for 2020-21 Real Madrid CF Squad

Click here to take the quiz!

General Stats

  • This quiz has been taken 148 times
  • The average score is 23 of 25

Answer Stats

Squad NumberPositionNationalityPlayer% Correct
10CMCroatianLuka Modrić
100%
8CMGermanToni Kroos
100%
9STFrenchKarim Benzema
99%
7LWBelgianEden Hazard
98%
12LBBrazilianMarcelo
98%
5CBFrenchRaphaël Varane
98%
1GKBelgianThibaut Courtois
98%
4CBSpanishSergio Ramos
97%
20LWBrazilianVinícius Júnior
97%
-ManagerFrenchZinedine Zidane
97%
2RBSpanishDani Carvajal
96%
15CMUruguayanFederico Valverde
93%
25RWBrazilianRodrygo
92%
14DMBrazilianCasemiro
91%
3CBBrazilianÉder Militão
91%
23LBFrenchFerland Mendy
91%
18STSerbianLuka Jović
91%
11LWSpanishMarco Asensio
91%
21AMNorwegianMartin Ødegaard
91%
22AMSpanishIsco
90%
6CBSpanishNacho Fernández
90%
24CFDominicanMariano
83%
13GKUkranianAndriy Lunin
79%
17RWSpanishLucas Vázquez
78%
19RBSpanishÁlvaro Odriozola
66%

Score Distribution

Percentile by Number Answered

Percent of People with Each Score

Your Score History

You have not taken this quiz